Curso de derecho de las sociedades comerciales (Registro nro. 3382)
[ vista simple ]
| 000 -LEADER | |
|---|---|
| fixed length control field | 02206 a2200229 4500 |
| 001 - CONTROL NUMBER | |
| control field | 41114 |
| 005 - DATE AND TIME OF LATEST TRANSACTION | |
| control field | 20260407155705.0 |
| 008 - FIXED-LENGTH DATA ELEMENTS--GENERAL INFORMATION | |
| fixed length control field | 260407a2010 arg spa d |
| 003 - CONTROL NUMBER IDENTIFIER | |
| control field | AR-UNSa-BCEJYS |
| 040 ## - CATALOGING SOURCE | |
| Original cataloging agency | AR-UNSa-BCEJYS |
| Language of cataloging | spa |
| Transcribing agency | AR-UNSa-BCEJYS |
| 080 ## - UNIVERSAL DECIMAL CLASSIFICATION NUMBER | |
| Universal Decimal Classification number | 347.72 |
| Common auxiliary subdivision | Sociedades comerciales |
| 020 ## - INTERNATIONAL STANDARD BOOK NUMBER | |
| International Standard Book Number | 978-950-894-813-7 |
| 041 ## - LANGUAGE CODE | |
| Language code of text/sound track or separate title | spa |
| 100 1# - MAIN ENTRY--PERSONAL NAME | |
| Personal name | Balbín, Sebastián |
| 245 10 - TITLE STATEMENT | |
| Title | Curso de derecho de las sociedades comerciales |
| 264 #1 - PRODUCTION, PUBLICATION, DISTRIBUTION, MANUFACTURE, AND COPYRIGHT NOTICE | |
| Place of production, publication, distribution, manufacture | Buenos Aires : |
| Name of producer, publisher, distributor, manufacturer | AD-HOC |
| Date of production, publication, distribution, manufacture, or copyright notice | 2010 |
| 300 ## - PHYSICAL DESCRIPTION | |
| Extent | 878 p. |
| Dimensions | 23 cm. |
| 505 ## - FORMATTED CONTENTS NOTE | |
| Formatted contents note | 1. Introducción: derecho de las sociedades, concepto de sociedad y relación con la empresa - 2. Constitución de las sociedades. Elementos generales y específicos - 3. La forma societaria: concepto, importancia y relación con la publicidad y registración mercantil - 4. Otros elementos de la sociedad. Patrimonio, capital social, objeto, domicilio, nombre social y fondo de comercio - 5. Organización y personalidad - 6. Nulidad e irregularidad - 7. Los socios - 8. Documentación y contabilidad social - 9. Nacionalidad y extraterritorialidad societaria - 10. Transformación, fusión y escisión - 11. Resolución, disolución y liquidación - 12. Prórroga, reconducción y reactivación - 13. Intervención de sociedades - 14. La sociedad civil - 15. Clasificación de las sociedades comerciales. Sociedad colectiva y sociedad en comandita simple - 16. Sociedad de capital e industria y sociedad accidental o en participación - 17. Sociedad de responsabilidad limitada - 18. La sociedad anónima: aspectos generales - 19. El órgano de gobierno de la sociedad anónima: la asamblea - 20. El órgano de administación de la sociedad anónima: el directorio - 21. Los órganos de fiscalización privada de la sociedad anónima: sindicatura y consejo de vigilancia - 22. Sociedad en comandita por acciones - 23. La sociedad de economía mixta, la sociedad del estado y la sociedad anónima con participación estatal mayoritaria - 24. Agrupaciones de colaboración y uniones transitorias de empresas |
| 590 ## - LOCAL NOTE (RLIN) | |
| Local note | niveau_biblio:m niveau_hierar:0 |
| 856 41 - ELECTRONIC LOCATION AND ACCESS | |
| Uniform Resource Identifier | <a href="https://biblioeco.unsa.edu.ar/pmb/images/libros/L126381.jpg">https://biblioeco.unsa.edu.ar/pmb/images/libros/L126381.jpg</a> |
| Link text | Imagen de portada |
| Electronic format type | image/jpeg |
| 942 ## - ADDED ENTRY ELEMENTS (KOHA) | |
| Koha item type | |
| Withdrawn status | Lost status | Damaged status | Not for loan | Home library | Current library | Shelving location | Date acquired | Total checkouts | Full call number | Barcode | Date last seen | Price effective from | Koha item type |
|---|---|---|---|---|---|---|---|---|---|---|---|---|---|
| Biblioteca Prof. Eusebio Cleto del Rey | Biblioteca Prof. Eusebio Cleto del Rey | 07/04/2026 | 347.72 B172 | L126381 | 07/04/2026 | 07/04/2026 | Libro |